K PŘÍPRAVĚ UČITELŮ TECHNICKÝCH PŘEDMĚTŮ PRO PRÁCI S POSTIŽENÝMI DĚTMI

Bibliographic Details
Main Author: Friedmann, Zdeněk (Author)
Format: Article
Language:Czech
ISBN:8080554072

MARC

LEADER 00000naa a2200000uu 4500
001 vtls010933771
003 SK-MaSNL
005 20260302122640.0
008 220810|2000 xo |||||||||||||||||cze|
015 |a SNBRA 
035 |a (urnnbn)urn:nbn:sk:snk:ar-a0b60k 
035 |a (uuid)63f1f042-ef7d-477e-a037-d3a7c19d3c78 
035 |a urn:nbn:sk:snk-aatyfj 
040 |a SNKBUCL  |b slo  |c SNKBUCL  |e AACR2 
041 0 |a cze 
044 |a xo  |c SK 
100 1 |a Friedmann, Zdeněk  |4 aut  |9 458648 
245 1 0 |a K PŘÍPRAVĚ UČITELŮ TECHNICKÝCH PŘEDMĚTŮ PRO PRÁCI S POSTIŽENÝMI DĚTMI  |c Zdeněk Friedmann 
773 0 |t Technické vzdelanie ako súčasť všeobecného vzdelania  |d Banská Bystrica : Univerzita Mateja Bela, 2000, 2000  |g S. 315 [313]-316 [314]  |z 8080554072 
954 |a odborná, vedecká literatúra cudzojazyčná (svetová)  |2 lita 
958 |a OND 
958 |a article11 
958 |a chapter 
999 |c 1278956  |d 1280886